000 00497nam a2200181Ia 4500
003 GCL
008 140319s9999 xx 000 0 ara d
040 _aGCL /
_cGCL
082 0 4 _a602
_bف ت
100 1 _aفوزى كامل لطفى
245 1 0 _aالتليفزيون /
_cفوزى كامل لطفى
300 _a50 ص
490 _aالالف كتاب
_v0
650 0 4 _aالتليفزيون
650 0 4 _aالتكنولوجيا
650 0 4 _aالموجات الصوتية
942 _2ddc
_cBK
999 _c45978
_d45978